[Event "Open"]
[Site "Nikea GRE"]
[Date "2002.08.21"]
[Round "3"]
[White "Vasiliou,K"]
[Black "Kolani,L"]
[Result "1-0"]
[WhiteElo "2072"]
[BlackElo "2213"]

1.e4 g6 2.d4 Bg7 3.Nc3 c6 4.Be3 b5 5.Bd3 b4 6.Nce2 a5 7.Nf3 d6 8.O-O Bg4
9.Ng3 Nd7 10.h3 Bxf3 11.Qxf3 e5 12.dxe5 dxe5 13.Rad1 Ngf6 14.Bc4 Qc7 15.h4 O-O
16.h5 Nb6 17.Bxb6 Qxb6 18.h6 Bh8 19.Nf5 Ra7 20.Nd6 Rd7 21.Ne8 Nd5 22.exd5 Rxe8
23.dxc6 Rde7 24.Rd7 Rxd7 25.cxd7 Rf8 26.Rd1 Bf6 27.Qe4 Qc7 28.Rd3 Bg5 29.Qd5 Qd8
30.Rf3 Qe7 31.Rxf7 Qxf7 32.Qc5 Bd8 33.Bxf7+ Rxf7 34.Qxe5 Re7 35.Qd5+ Kf8
36.g3 Rf7 37.Qe5 Rxd7 38.Qh8+ Ke7 39.Qxh7+ Kd6 40.Qxg6+  1-0

[Event "Open"]
[Site "Birstonas LIT"]
[Date "2002.08.22"]
[Round "6"]
[White "Tokmachev,G"]
[Black "Korchagin,O"]
[Result "1-0"]
[WhiteElo "2219"]
[BlackElo "2166"]

1.e4 g6 2.d4 Bg7 3.Nc3 c6 4.h3 d6 5.a4 e5 6.Nf3 Qc7 7.Bc4 h6 8.Be3 Nd7 9.O-O Ngf6
10.Qd2 g5 11.dxe5 dxe5 12.Rad1 Nh5 13.h4 g4 14.Nh2 Ndf6 15.Bc5 Bf8 16.Bxf8 Kxf8
17.Qd8+ Qxd8 18.Rxd8+ Kg7 19.Rxh8 Kxh8 20.Bxf7 Kg7 21.Bc4 Nf4 22.Rd1 Be6
23.Bxe6 Nxe6 24.f3 h5 25.Kf2 Rf8 26.Ke3 Kf7 27.Ne2 Rg8 28.fxg4 Nxg4+ 29.Nxg4 Rxg4
30.Rd7+ Kf6 31.Rxb7 Nc5 32.Rxa7 Rxe4+ 33.Kf3 Rxh4 34.Rc7 Rxa4 35.Rxc6+ Ne6
36.Ng3 Kf7 37.c3 Rf4+ 38.Ke3 Rg4 39.Kf3 Rf4+ 40.Ke3 Rg4 41.Kf2 h4 42.Ne2 Kf6
43.b4 Kf5 44.b5 Nf4 45.Nxf4 Rxf4+ 46.Kg1 e4 47.Rc8 Ke5 48.b6 Rf7 49.Rc7 Rf6
50.Rc5+ Kf4 51.Rb5 Rf8 52.b7 Rb8 53.Kf2 e3+ 54.Ke2 Kg3 55.c4 Kxg2 56.c5 h3
57.c6 h2 58.Rg5+ Kh1 59.c7 Rxb7 60.c8=Q Rb2+ 61.Kd3 Rd2+ 62.Kc3  1-0

[Event "Ciuc Premium A2"]
[Site "Miercurea Ciuc ROM"]
[Date "2002.08.24"]
[Round "8"]
[White "Chirila,C"]
[Black "Bauer,D"]
[Result "1-0"]
[WhiteElo "2189"]
[BlackElo "2008"]

1.e4 g6 2.d4 c6 3.Nc3 Bg7 4.Be3 d5 5.Qd2 dxe4 6.Nxe4 Nd7 7.O-O-O Ngf6 8.Nc3 Nd5
9.Nxd5 cxd5 10.Bd3 b6 11.Ne2 Bb7 12.Bh6 Bxh6 13.Qxh6 Qc7 14.Nc3 O-O-O 15.Rhe1 e6
16.Nb5 Qb8 17.g3 a6 18.Nc3 Qd6 19.Qd2 Kb8 20.Kb1 Ka8 21.f4 Qb4 22.Bf1 Rc8
23.Re3 Rc7 24.Nxd5  1-0

[Event "Open"]
[Site "Padron ESP"]
[Date "2002.08.25"]
[Round "4"]
[White "Pilgaard,K"]
[Black "Garcia Castro,P"]
[Result "0-1"]
[WhiteElo "2437"]
[BlackElo "2353"]

1.e4 g6 2.d4 Bg7 3.Nc3 c6 4.Nf3 d5 5.h3 Nh6 6.Bf4 f6 7.Bd3 O-O 8.Qe2 Nf7
9.O-O e5 10.dxe5 fxe5 11.Bg3 d4 12.Nb1 c5 13.Bc4 Nc6 14.Nbd2 Kh8 15.Bd5 Qe7
16.Nc4 Bd7 17.a4 b6 18.c3 Rae8 19.Rfd1 h5 20.Qd2 Bh6 21.Ncxe5 Ncxe5 22.Bxe5+ Kh7
23.Bf4 dxc3 24.bxc3 Ne5 25.Ng5+ Bxg5 26.Bxg5 Qg7 27.c4 Rf3 28.Kh1 Qf8 29.Bh6 Rxh3+
30.gxh3 Qf3+ 31.Kg1 Bxh3 32.Qg5 Ng4 33.Bg8+ Rxg8 34.Rd7+ Kh8  0-1

[Event "Open"]
[Site "Nikea GRE"]
[Date "2002.08.26"]
[Round "8"]
[White "Kotrotsos,V"]
[Black "Koerant,F"]
[Result "1-0"]
[WhiteElo "2192"]
[BlackElo "2099"]

1.e4 g6 2.d4 Bg7 3.Nc3 c6 4.Nf3 d5 5.h3 Nf6 6.e5 Ne4 7.Nxe4 dxe4 8.Ng5 c5
9.d5 Bxe5 10.Nxe4 O-O 11.c3 b6 12.Bh6 Bg7 13.Bxg7 Kxg7 14.c4 e6 15.Be2 exd5
16.cxd5 Re8 17.Nc3 Qg5 18.O-O Bxh3 19.Bf3 f5 20.Qa4 b5 21.Qxb5 Nc6 22.Qxc6 f4
23.d6 Bf5 24.Rfe1 Red8 25.Re7+ Kh8 26.Qb7 Qh4 27.Rae1 g5 28.Qd5 Rf8 29.Qe5+  1-0

[Event "GM"]
[Site "Rostock GER"]
[Date "2002.08.27"]
[Round "3"]
[White "Baramidze,D"]
[Black "Hoi,C"]
[Result "0-1"]
[WhiteElo "2351"]
[BlackElo "2419"]

1.e4 g6 2.d4 Bg7 3.Nc3 c6 4.Be3 d5 5.Be2 dxe4 6.Nxe4 Nd7 7.Nf3 Ngf6 8.Nxf6+ Nxf6
9.O-O O-O 10.c4 Bf5 11.Qb3 Qc7 12.Ne5 Nd7 13.Nxd7 Bxd7 14.f4 Rad8 15.Rac1 Bf5
16.d5 c5 17.Qa3 b6 18.b4 Rc8 19.Rfd1 Rfd8 20.bxc5 bxc5 21.Bf3 h5 22.g3 Rd6
23.Rd2 Rb6 24.Bf2 Rb4 25.Qa6 Rd8 26.Kg2 Bb2 27.d6 Rxd6 28.Rxd6 Qxd6 29.Qxd6 exd6
30.Rd1 Rxc4 31.Rxd6 Bd4 32.Bxd4 cxd4 33.Ra6 Rc2+ 34.Kf1 Bd3+  0-1

[Event "Open"]
[Site "Padron ESP"]
[Date "2002.08.30"]
[Round "9"]
[White "Casares Cabanas,C"]
[Black "Espineira Gonzalez,D"]
[Result "1/2-1/2"]
[WhiteElo "2211"]
[BlackElo "2194"]

1.e4 g6 2.d4 Bg7 3.Nc3 c6 4.Nf3 d5 5.e5 Bg4 6.h3 Bxf3 7.Qxf3 e6 8.Be3 a6
9.Bd3 c5 10.dxc5 Bxe5 11.Bf4 Bd4 12.O-O-O Qf6 13.Rhe1 Ne7 14.Na4 Nd7 15.Qg3 Rc8
16.c3 Nxc5 17.Nxc5 Rxc5 18.Bc2 Nf5 19.Bxf5 Bxc3 20.bxc3 Rxc3+ 21.Bc2 Rxg3
22.Bxg3 Qa1+ 23.Kd2 Qxa2 24.Ra1 Qc4 25.Be5 O-O 26.Bd3 Qc5 27.Ke2 f6 28.Rec1 Qa7
29.Bd6 Rd8 30.Be7 Re8 31.Bxf6 Rf8 32.Bh4 Qd4 33.Bg3 e5 34.f3 e4 35.fxe4 Qb2+
36.Kd1 Qxg2 37.Be1 dxe4 38.Bc4+ Kg7 39.Ra2 Rd8+ 40.Rd2 Qf3+ 41.Be2 Qb3+ 42.Rc2 Rxd2+
43.Bxd2 e3 44.Bc3+ Kh6 45.Bd3 a5 46.Ke2 a4 47.Bd4 a3 48.Rc7 Qa2+ 49.Bc2 Kg5
50.Bxe3+ Kh4 51.Kf3 Qd5+ 52.Be4 Qh5+ 53.Kf2 a2 54.Bf3 Kxh3 55.Bg2+ Kg4 56.Bf3+ Kf5
57.Rc5+ Ke6 58.Rxh5 a1=Q 59.Rxh7 Qb2+ 60.Kg3 b5 61.Rb7 b4 62.Rb6+ Kf7 63.Rb5 Qc3
64.Bf4 b3 65.Be5 Qe1+ 66.Kg2 Qd2+ 67.Kg3 Qe1+ 68.Kg2 Qd2+ 69.Kg3 Qe1+  1/2-1/2

[Event "II Open"]
[Site "Poio ESP"]
[Date "2002.09.06"]
[Round "7"]
[White "Pilgaard,K"]
[Black "Barlov,D"]
[Result "1/2-1/2"]
[WhiteElo "2437"]
[BlackElo "2422"]

1.e4 g6 2.d4 Bg7 3.Nc3 c6 4.Nf3 d6 5.Be3 Qb6 6.a3 Bg4 7.Bc4 e6 8.Bb3 Bxf3
9.gxf3 d5 10.Qd2 Nd7 11.O-O-O Ndf6 12.Kb1 Qd8 13.Bg5 Ne7 14.Rhg1 Qd7 15.h4 h5
16.Qf4 Nfg8 17.Qe3 Nf6 18.Rge1 Nfg8 19.Na4 b6 20.c4 dxc4 21.Bxc4 Kf8 22.Nc3 b5
23.Bb3 Nf6 24.Qf4 Nh7 25.Bh6 Bxh6 26.Qxh6+ Kg8 27.d5 exd5 28.exd5 Nf6 29.Qg5 Qf5+
30.Qxf5 Nxf5 31.dxc6 Rc8 32.Nxb5 Rxc6 33.Nd4 Rb6 34.Ka2 Nxd4 35.Rxd4 Rb7
36.Rb4 Rc7 37.Rd1 Kg7 38.Rd6 Re8 39.Rf4 Ng8 40.Re4 Rb8 41.Bc4 Nh6 42.b4 Nf5
43.Rd3 Kf6 44.Kb3 Re7 45.Rf4 Ke5 46.Re4+ Kf6 47.a4 Rbe8 48.Rf4 Re1 49.Rd7 R8e7
50.Rxe7 Kxe7 51.a5 Nd6 52.Bd3 Ke6 53.b5 Rd1 54.Kc2 Ra1 55.a6 Kd5 56.Kb2 Ra5
57.Kb3 Kc5 58.Ra4 Rxa4 59.Kxa4 Nc8 60.f4 Nb6+ 61.Kb3 Nd5 62.Bc4 Nxf4 63.Bxf7 Ng2
64.Bxg6 Kxb5 65.Bxh5 Nxh4 66.Be2+ Kc5 67.Kc3 Ng6 68.Kd3 Kd5 69.Bf3+ Ke5 70.Kc4 Kd6
71.Kd4 Ne5 72.Be4 Nd7 73.f4 Nf6 74.Bf3 Nd7 75.Be2 Nf6 76.f5 Nd7 77.Ke4 Nf6+
78.Kf4 Nd5+ 79.Kg5 Ke5 80.Bf3 Nf6 81.Kg6 Ne8 82.Be2 Nf6 83.Bd3 Nd5 84.Bb1 Ne7+
85.Kg5 Nxf5 86.Bxf5 Kd6  1/2-1/2

[Event "7th WUCC Men"]
[Site "Ulaanbaatar MON"]
[Date "2002.09.14"]
[Round "4"]
[White "Otgonbat,C"]
[Black "Iordachescu,V"]
[Result "0-1"]
[WhiteElo "2119"]
[BlackElo "2555"]

1.e4 g6 2.d4 Bg7 3.Nc3 c6 4.f4 d5 5.e5 Nh6 6.Be2 f6 7.Be3 O-O 8.Qd2 c5 9.dxc5 e6
10.O-O-O Nc6 11.Nf3 Ng4 12.Kb1 fxe5 13.fxe5 Qa5 14.Rhf1 b6 15.cxb6 axb6 16.Bd4 Bd7
17.Qg5 Nh6 18.g4 Nf7 19.Qe3 Nxd4 20.Rxd4 b5 21.a3 Qb6 22.Bd1 b4 23.Re1 bxc3
24.Qxc3 Rfc8 25.Qe3 Bf8 26.Qb3 Qc7 27.Rf4 Rcb8 28.Qe3 Rxa3 29.b3 Qa5 30.Nd4 Ra1+
31.Kb2 Bb4 32.Ref1 Qa2+  0-1

[Event "1st Masters"]
[Site "Villeurbanne FRA"]
[Date "2002.09.23"]
[Round "3"]
[White "Ravot,S"]
[Black "Bolding,K"]
[Result "0-1"]
[WhiteElo "2198"]
[BlackElo "2373"]

1.e4 g6 2.d4 Bg7 3.Nc3 c6 4.Be3 d5 5.Qd2 dxe4 6.Nxe4 Nd7 7.Bc4 Ndf6 8.Ng5 Nd5
9.N1f3 h6 10.Ne4 Bf5 11.Ng3 Be6 12.Bd3 Qc7 13.Ne4 Rd8 14.c4 Nxe3 15.fxe3 Nf6
16.Nc5 Bc8 17.O-O O-O 18.b4 Ng4 19.Nb3 Rfe8 20.h3 Nf6 21.Ne5 Ne4 22.Bxe4 Bxe5
23.Qf2 Bh2+ 24.Kh1 f5 25.Bd3 Bg3 26.Qf3 Rf8 27.Rac1 Bh4 28.b5 Qg3 29.bxc6 Qxf3
30.gxf3 bxc6 31.Kg2 Kg7 32.Rfd1 Rd6 33.Bb1 Rfd8 34.d5 e6 35.e4 exd5 36.cxd5 Bg5
37.Rc3 Bf4 38.Bc2 cxd5 39.exd5 Kf6 40.Rc6 Bb7 41.Rc7 Bxd5 42.Rxa7 Rc8 43.Bd3 Bxb3
44.axb3 Rcd8 45.Ra4 Be3 46.b4 Rxd3 47.Rxd3 Rxd3 48.Ra6+ Kg5 49.h4+ Kh5 50.Kg3 Rb3
51.Ra4 Rb2 52.b5 g5 53.hxg5 hxg5 54.b6 Bf4+ 55.Rxf4 gxf4+ 56.Kxf4 Kg6  0-1

[Event "EuYCh G18"]
[Site "Peniscola ESP"]
[Date "2002.09.30"]
[Round "2"]
[White "Meshcheriakova,E"]
[Black "Harbuz,D"]
[Result "1-0"]
[WhiteElo "2223"]
[BlackElo "2077"]

1.e4 g6 2.d4 Bg7 3.Nc3 c6 4.Nf3 d5 5.h3 Nh6 6.Bf4 dxe4 7.Nxe4 Nf5 8.c3 O-O
9.Bd3 Nd6 10.O-O b6 11.Re1 Ba6 12.Bxa6 Nxa6 13.Nxd6 exd6 14.Qe2 Nc7 15.Qd2 Nd5
16.Bg5 Qd7 17.Re2 Rae8 18.Rae1 b5 19.Kf1 a5 20.b3 f6 21.c4 Nc7 22.Bf4 b4
23.Rxe8 Rxe8 24.Rxe8+ Nxe8 25.d5 c5 26.Qe3 Kf7 27.Nd2 Bf8 28.Ne4 Ng7 29.g4 Ne8
30.Qg3 Qe7 31.f3 g5 32.Bc1 h6 33.h4 Bg7 34.Bb2 f5 35.Bxg7 gxh4 36.Qf4 Kxg7
37.Qxf5 Qf7 38.Qxf7+ Kxf7 39.Kg2 Kg6 40.Kh3 h5 41.Kxh4 hxg4 42.Kxg4 Kf7 43.Kg5 Kg7
44.f4 Kf7 45.f5  1-0

[Event "7th ECCW"]
[Site "Antalya TUR"]
[Date "2002.10.01"]
[Round "3"]
[White "Manakova,M"]
[Black "Tammert Tvauri,I"]
[Result "1-0"]
[WhiteElo "2349"]
[BlackElo "2253"]

1.e4 g6 2.d4 Bg7 3.Nc3 c6 4.Bc4 d6 5.Qf3 e6 6.Nge2 d5 7.Bd3 Nd7 8.h4 h6 9.exd5 exd5
10.h5 g5 11.Qg3 Ndf6 12.f4 g4 13.f5 Ne7 14.Qf4 O-O 15.Nd1 c5 16.dxc5 d4 17.O-O Nc6
18.a3 a5 19.Nf2 Kh8 20.Nxg4 Nxg4 21.Qxg4 Ne5 22.Qf4 Qf6 23.Ng3 Nxd3 24.cxd3 Rg8
25.Ne4 Qc6 26.Rf3 Bf8 27.Nd6 Qd5 28.Bd2 Bd7 29.Qe5+ Qxe5 30.Nxf7+ Kh7 31.Nxe5 Bb5
32.Rc1 Re8 33.Ng6 Re2 34.Bxa5 Bc6 35.Rf2 Re3 36.f6 Rxg6 37.hxg6+ Kxg6 38.f7 Bd5
39.Rcf1 Rxd3 40.Bc7 Re3 41.Bd6 Kg7 42.Rf5 Be4 43.Re5 Bc6 44.Bxf8+ Kxf8 45.Rxe3 dxe3
46.Re1  1-0

[Event "ch-ESP Open"]
[Site "Ayamonte ESP"]
[Date "2002.10.10"]
[Round "7"]
[White "Fernandez,Gera"]
[Black "Garza Marco,S"]
[Result "0-1"]
[WhiteElo "2206"]
[BlackElo "2413"]

1.e4 g6 2.d4 Bg7 3.Nc3 c6 4.Nf3 d5 5.h3 Nh6 6.Bd3 f6 7.e5 Nf7 8.exf6 Bxf6
9.Bf4 O-O 10.Qd2 c5 11.Bxb8 Rxb8 12.dxc5 e5 13.Bb5 e4 14.Nd4 Ne5 15.O-O a6
16.Be2 Bg5 17.Qe1 Bh4 18.Qd2 Bg5 19.Qe1 Bf4 20.g3 Bxh3 21.Rd1 Qg5 22.Nxd5 Bxf1
23.Bxf1 Bxg3 24.fxg3 Rf3 25.Bg2 Rxg3 26.Qxe4 Rf8 27.Ne6 Rxg2+ 28.Qxg2 Nf3+
29.Kf1 Nh4+ 30.Qf2 Qg2+  0-1

[Event "TCh-CZE 2002-3"]
[Site "Czech Rep CZE"]
[Date "2002.10.12"]
[Round "1"]
[White "Prandstetter,E"]
[Black "Krupa,M"]
[Result "1-0"]
[WhiteElo "2365"]
[BlackElo "2248"]

1.e4 g6 2.d4 Bg7 3.Nc3 c6 4.Bc4 d5 5.exd5 b5 6.Bb3 b4 7.Nce2 cxd5 8.a3 bxa3
9.Rxa3 Nc6 10.Nf3 Nf6 11.Ne5 Bd7 12.Nxd7 Qxd7 13.O-O O-O 14.h3 Ne4 15.f3 Nf6
16.Bf4 Nh5 17.Be3 f5 18.Nc3 e6 19.Na4 f4 20.Bf2 Kh8 21.Re1 Rae8 22.Nc5 Qc8
23.Ba4 e5 24.dxe5 Rxe5 25.Bxc6 Qxc6 26.Rxe5 Bxe5 27.Nd3 Bg7 28.Rxa7 Ng3 29.Nxf4 Rxf4
30.Bxg3 Qb6+ 31.Kh2 Rf8 32.Rd7 d4 33.Qe2 Qf6 34.Rxg7  1-0

[Event "6th Final RUS Cup"]
[Site "Nefteyugansk RUS"]
[Date "2002.10.12"]
[Round "8"]
[White "Yevseev,D"]
[Black "Kornev,Alexe"]
[Result "1/2-1/2"]
[WhiteElo "2553"]
[BlackElo "2566"]

1.d4 g6 2.e4 Bg7 3.Nc3 c6 4.Nf3 d6 5.Be2 Nf6 6.O-O O-O 7.h3 Qc7 8.Bf4 Rd8
9.e5 dxe5 10.Bxe5 Qb6 11.Qd2 Rf8 12.Bc4 Nbd7 13.Bh2 Qd8 14.Rfe1 a5 15.Qe2 e6
16.a4 Nb6 17.Bb3 Nbd5 18.Ne4 Nxe4 19.Qxe4 b6 20.Rad1 Bb7 21.c4 Nb4 22.c5 Nd5
23.Bd6 Re8 24.Ne5 f6 25.Nc4 bxc5 26.dxc5 f5 27.Qe2 Ba6 28.Qf3 Bxc4 29.Bxc4 Qd7
30.b3  1/2-1/2

[Event "10th Chigorin Mem B"]
[Site "St Petersburg RUS"]
[Date "2002.10.26"]
[Round "2"]
[White "Savchenko,B"]
[Black "Nefediev,A"]
[Result "0-1"]
[WhiteElo "2366"]
[BlackElo "2261"]

1.e4 g6 2.d4 Bg7 3.Nc3 c6 4.f4 d5 5.e5 h5 6.Nf3 Bg4 7.Be2 e6 8.Be3 Ne7 9.h3 Bxf3
10.Bxf3 Nf5 11.Bf2 h4 12.O-O Nd7 13.Ne2 Nb6 14.b3 Nc8 15.c4 Nce7 16.Qd3 Qd7
17.Rfd1 Ng8 18.Rac1 Ngh6 19.cxd5 exd5 20.b4 a6 21.a4 O-O 22.b5 axb5 23.axb5 Rfc8
24.bxc6 bxc6 25.Rb1 Bf8 26.Rb3 Be7 27.Rdb1 Ra7 28.Kh2 Ng7 29.Qc3 Ne6 30.Rb8 Rxb8
31.Rxb8+ Kg7 32.Qe1 Qc7 33.Rb2 Qd8 34.Rc2 Ra6 35.Qc1 Qa8 36.Qe1 Qd8 37.Bg4 Rb6
38.Qc1 Qa8 39.Ng1 Qa4 40.f5 gxf5 41.Bh5 Bg5 42.Qd1 Bf4+ 43.Kh1 Bg3 44.Qc1 Bxf2
45.Rxf2 Qxd4 46.Rf1 Qb2 47.Qe1 Rb4 48.Bf3 Rc4 49.Ne2 Qxe5 50.Qd2 f4 51.Re1 Qf6
52.Rc1 Nf5 53.Rxc4 dxc4 54.Qc1 Ng3+ 55.Kh2 Nxe2 56.Bxe2 c3 57.Bg4 Ng5 58.Qe1 f3
59.gxf3 Qxf3 60.Qe5+ Qf6 61.Qc5  0-1

[Event "10th Chigorin Mem B"]
[Site "St Petersburg RUS"]
[Date "2002.10.27"]
[Round "3"]
[White "Ivkina,O"]
[Black "Zemerov,V"]
[Result "0-1"]
[WhiteElo "2205"]
[BlackElo "2317"]

1.e4 g6 2.d4 Bg7 3.Nc3 c6 4.Be3 d6 5.Qd2 b5 6.Nf3 a6 7.a4 b4 8.Nd1 a5 9.d5 Nf6
10.dxc6 Nxc6 11.Bb5 Bd7 12.e5 Nxe5 13.Nxe5 dxe5 14.O-O O-O 15.f3 Qc7 16.Bd3 Rfd8
17.Qf2 Nd5 18.Be4 Be6 19.c4 Qxc4 20.Bb6 Nxb6 21.Qxb6 Qa6 22.Qc5 Qa7 23.Rc1 Qxc5+
24.Rxc5 Ra7 25.Nf2 f5 26.Bc6 e4 27.fxe4 Bxb2 28.Bd5 Bxd5 29.exd5 Bd4 30.Rb5 Rc8
31.g4 fxg4 32.Kh1 Rf8 33.Kg2 Rc7 34.Kg3 Rc3+  0-1

[Event "Olympiad"]
[Site "Bled SLO"]
[Date "2002.10.28"]
[Round "3"]
[White "Santos Flores,A"]
[Black "Rocha,S"]
[Result "0-1"]
[WhiteElo "2364"]
[BlackElo "2390"]

1.e4 c6 2.d4 g6 3.Nc3 Bg7 4.Nf3 d6 5.Be3 Nd7 6.Qd2 b5 7.Bd3 Rb8 8.O-O-O Qa5
9.Kb1 Nb6 10.Ne2 b4 11.c4 Na4 12.Rc1 c5 13.b3 Nc3+ 14.Rxc3 Bg4 15.Bc2 Nf6
16.h3 Bxh3 17.gxh3 Nh5 18.Rd3 Qa3 19.Bd1 O-O 20.dxc5 dxc5 21.Rd5 Rfc8 22.Rd3 Nf6
23.Qxb4 Qxb4 24.e5 Rd8 25.Re1 a5 26.h4 a4 27.h5 Qb6 28.Rf1 Nxh5 29.Bc2 axb3
30.Rh1 Ra8 31.axb3 Qa5 32.Kb2 e6 33.Rxh5 Qa1+  0-1

[Event "Olympiad w"]
[Site "Bled SLO"]
[Date "2002.11.01"]
[Round "7"]
[White "Stevanec,L"]
[Black "Frometa,Z"]
[Result "1/2-1/2"]
[WhiteElo "2111"]
[BlackElo "2248"]

1.e4 g6 2.d4 Bg7 3.Nc3 c6 4.f4 d5 5.e5 b6 6.Nf3 Bg4 7.Be3 e6 8.h3 Bxf3 9.Qxf3 Ne7
10.g4 Nd7 11.Bd3 f5 12.Ne2 Qc7 13.Ng3 O-O-O 14.g5 Kb8 15.b4 c5 16.bxc5 bxc5
17.Rb1+ Ka8 18.dxc5 Nxc5 19.O-O Rb8 20.Qf2 Ne4 21.Nxe4 fxe4 22.Bb5 Rhc8 23.Rb3 Nf5
24.Rfb1 Nxe3 25.Qxe3 Bf8 26.Qd2 Bc5+ 27.Kh1 Bb6 28.c3 Qf7 29.Ba6 Rc7 30.Rf1 Qf5
31.Qg2 e3 32.Be2 Rbc8 33.c4 Qe4 34.cxd5 Qxg2+ 35.Kxg2 Rc2 36.Kf3 exd5 37.Rd1 d4
38.Rxb6 axb6 39.Rxd4 Rxa2 40.Kxe3 Kb7 41.e6 Re8 42.Bf3+ Kc8 43.Bg4 Re7 44.Rb4 Kc7
45.Ke4 Ra5 46.h4 Kc6 47.Rb2 Rc5 48.Rb3 b5 49.Bh3 Ra7 50.h5 Kd6 51.Rd3+ Ke7
52.Ke3 b4 53.hxg6 hxg6 54.f5 gxf5 55.Kf4 Rc3 56.Rxc3 bxc3 57.Bxf5 Rc7 58.Bc2 Kxe6
59.Ke4 Rd7 60.Bd3 Kf7 61.Ke3 Kg7 62.Ke2 Rd5 63.g6 Rg5 64.Bc2 Rg3 65.Kd1 Kf6
66.Ke2 Ke5 67.Kf2 Rg5 68.Ke3 Rg3+ 69.Kf2 Kf4 70.Ke2 Rh3 71.Bb3 Re3+ 72.Kd1 Rg3
73.Kc2 Ke4 74.g7 Rxg7 75.Kxc3 Rc7+ 76.Bc4 Ke3 77.Kb3 Kd4 78.Be6 Rc3+ 79.Kb2 Kd3
80.Bf5+ Kd2 81.Bh7 Rc7 82.Be4 Rc4 83.Bh7 Rb4+ 84.Ka2 Kc3 85.Bg8 Rb2+ 86.Ka1 Rb7
87.Bd5 Re7 88.Bg8 Kc2 89.Bd5 Re5 90.Bg8 Ra5+ 91.Ba2 Rb5 92.Bg8 Ra5+ 93.Ba2 Kc3
94.Kb1 Rb5+ 95.Ka1 Rg5 96.Bb1 Rg1 97.Ka2 Rg2+ 98.Ka1 Kb3 99.Bf5 Ra2+ 100.Kb1 Re2
101.Ka1 Re5 102.Bg6 Re7 103.Bf5 Re1+ 104.Bb1 Kc3 105.Ka2 Re2+ 106.Ka1 Re7
107.Bf5 Kb3 108.Bg6 Ra7+ 109.Kb1 Rg7 110.Bc2+ Kc3 111.Bf5 Rf7 112.Bg6 Rb7+
113.Ka1 Kb3 114.Bf5 Rb6 115.Bh7 Ra6+ 116.Kb1 Rh6 117.Bc2+ Ka3 118.Ka1 Rh1+
119.Bb1 Kb4 120.Ka2 Rh2+ 121.Ka1 Kb3 122.Bg6 Rh6 123.Be4 Rd6 124.Bh7 Rd1+
125.Bb1 Kc3 126.Ka2 Rd7 127.Bf5 Rd2+ 128.Ka1 Kb3 129.Be6+ Ka3 130.Bf5 Rf2
131.Bh7 Ra2+ 132.Kb1 Rh2 133.Be4 Re2 134.Bh7 Kb3 135.Bg8+ Kc3 136.Bh7 Re7
137.Bg6 Rb7+ 138.Ka1 Rb6 139.Bh7 Ra6+ 140.Kb1 Ra8 141.Bg6 Rb8+ 142.Ka1 Kd2
143.Bf5 Kc1 144.Be6 Rb6 145.Bg8 Kc2 146.Bh7+ Kc3 147.Be4 Rh6 148.Bf5 Kb3
149.Bd3  1/2-1/2

[Event "10th Chigorin Mem"]
[Site "St Petersburg RUS"]
[Date "2002.11.02"]
[Round "8"]
[White "Frolyanov,D"]
[Black "Kornev,Alexe"]
[Result "1-0"]
[WhiteElo "2433"]
[BlackElo "2566"]

1.e4 g6 2.d4 Bg7 3.Nc3 c6 4.Be3 Qb6 5.Qd2 Qxb2 6.Rb1 Qa3 7.Nf3 Nf6 8.Bc4 d6
9.e5 dxe5 10.dxe5 Ng4 11.O-O Qa5 12.Bd4 O-O 13.Qf4 Nh6 14.Ne4 Be6 15.Bxe6 fxe6
16.Qe3 b6 17.Nfg5 Qd5 18.Bb2 Na6 19.Qa3 Nc5 20.Nxc5 bxc5 21.Rbd1 Qc4 22.Qb3 Qxb3
23.cxb3 Rf5 24.f4 Ng4 25.Bc1 Rxg5 26.fxg5 Nxe5 27.Bf4 c4 28.Bxe5 Bxe5 29.Rfe1 Bd6
30.bxc4 e5 31.g3 Kf7 32.Kg2 Ke6 33.Re4 Kf5 34.Rh4 Rh8 35.Rf1+ Kxg5 36.Re4 c5
37.h4+ Kh6 38.Rb1 Kg7 39.Rb7 Ra8 40.Re3 a5 41.a4 Kf6 42.Kf3 g5 43.hxg5+ Kxg5
44.Ke4 Kg4 45.Rf3 h5 46.Rb1 Rh8 47.Rf7 Kxg3 48.Rf3+ Kh4 49.Rh1+ Kg5 50.Rf5+ Kg4
51.Rf7 h4 52.Rg7+ Kh5 53.Rf1 e6 54.Rfg1 Bb8 55.R7g5+ Kh6 56.R5g4 Kh5 57.Rxh4+ Kxh4
58.Rh1+ Kg5 59.Rxh8 Bd6 60.Rd8  1-0

[Event "Olympiad w"]
[Site "Bled SLO"]
[Date "2002.11.04"]
[Round "9"]
[White "Sanchez Castillo,S"]
[Black "Licina,A"]
[Result "1-0"]
[WhiteElo "2180"]
[BlackElo "2167"]

1.e4 g6 2.d4 Bg7 3.Nc3 c6 4.Nf3 d5 5.Be2 Bg4 6.Be3 Nf6 7.e5 Nfd7 8.Qd2 h6
9.h3 Bxf3 10.Bxf3 e6 11.b4 a5 12.Rb1 axb4 13.Rxb4 b5 14.O-O Bf8 15.Rb2 Nb6
16.Be2 b4 17.Nd1 Na4 18.Rxb4 Bxb4 19.Qxb4 Qa5 20.Qd6 Qd8 21.Qa3 Qe7 22.Qc1 g5
23.f4 Rg8 24.Bh5 Rg7 25.fxg5 hxg5 26.Rf6 Nd7 27.Bxg5 Rxg5 28.Qxg5 Nxf6 29.exf6 Qf8
30.Qe3 Kd7 31.Qb3 Kc7 32.Nf2 Nb6 33.Qg3+ Kd7 34.Nd3 Nc4 35.Nc5+ Kc8 36.Qg7 Qd8
37.Qxf7 Nd6 38.Qxe6+ Kc7 39.Qe5 Kb6 40.f7 Nxf7 41.Bxf7 Rxa2 42.Bg6 Ra1+ 43.Kh2 Qg8
44.Bf5 Ra7 45.Be6 Qd8 46.Qg3 Re7 47.Qb3+ Kc7 48.Bg4 Qa8 49.Ne6+ Kc8 50.Qb6  1-0

[Event "Olympiad w"]
[Site "Bled SLO"]
[Date "2002.11.04"]
[Round "9"]
[White "Khamrakulova,I"]
[Black "Berezina,I"]
[Result "0-1"]
[WhiteElo "2214"]
[BlackElo "2264"]

1.e4 g6 2.d4 c6 3.Nc3 Bg7 4.Be3 d5 5.e5 Nh6 6.Bd3 Nf5 7.Bxf5 Bxf5 8.Nge2 h5
9.h4 Na6 10.a3 Nc7 11.Ng3 Bc8 12.Nce2 b6 13.c3 Ba6 14.Nf4 Qd7 15.Qc2 O-O-O
16.O-O-O Kb8 17.Nh3 Rc8 18.Ng5 e6 19.Nf1 Bf8 20.Nd2 Ne8 21.Nb1 Ng7 22.f3 Nf5
23.Bf2 c5 24.dxc5 Bxc5 25.Bxc5 Rxc5 26.Qf2 Qc7 27.Rhe1 Rc4 28.g3 Rc8 29.Rd2 Bb5
30.Qg2 Nd4 31.Rxd4 Rxd4 32.f4 Rc4 33.Qf2 Ba4 34.Re2 Bb3 35.Nf3 Ba2 36.Nd4 Bxb1
37.Kxb1 Qc5 38.Nb3 Qxf2 39.Rxf2 Re4 40.Rf3 Re1+ 41.Kc2 Re2+ 42.Nd2 Rg2 43.Kd3 Kb7
44.a4 Rc5 45.b4 Rc8 46.Re3 Rg1 47.Nb3 Rb1 48.Kc2 Rg1 49.Nd4 a6 50.Nb3 Rg2+
51.Kb1 Rc4 52.Nd4 Rd2 53.Nf3 Rg2 54.Nd4 Kc7 55.Rd3 Kd7 56.Re3 Ke7 57.Rd3 a5
58.Nc2 Re4 59.bxa5 bxa5 60.Ne3 Re2 61.Nc2 Rxa4 62.Kb2 Rc4 63.Kc1 Rf2 64.Nd4 a4
65.Nb5 Re4  0-1

[Event "Olympiad"]
[Site "Bled SLO"]
[Date "2002.11.05"]
[Round "10"]
[White "Kuntz,P"]
[Black "Mannhart,M"]
[Result "1/2-1/2"]
[WhiteElo "2200"]
[BlackElo "2183"]

1.e4 g6 2.d4 Bg7 3.Nc3 c6 4.Be3 d5 5.Qd2 Nf6 6.e5 Ng4 7.Bf4 f6 8.Nf3 fxe5
9.dxe5 Nd7 10.h4 Ndxe5 11.Nxe5 Nxe5 12.h5 Nf7 13.hxg6 hxg6 14.Rxh8+ Bxh8
15.O-O-O e5 16.Bg3 Be6 17.Bd3 Qf6 18.f3 Bg7 19.Qf2 Bf5 20.Bh4 g5 21.Bxf5 Qxf5
22.Bg3 Bf6 23.Re1 b6 24.Nd1 O-O-O 25.Ne3 Qg6 26.Ng4 Re8 27.Qd2 Kb7 28.c4 d4
29.c5 Bg7 30.Nf2 Rd8 31.Ne4 Qe6 32.Kb1 Bh6 33.Qb4 Bf8 34.Qd2 Bh6 35.Qb4 Bf8
36.Qd2 Bh6  1/2-1/2

[Event "Olympiad"]
[Site "Bled SLO"]
[Date "2002.11.07"]
[Round "12"]
[White "Rohl,J"]
[Black "Isaev,J"]
[Result "1/2-1/2"]
[WhiteElo "2379"]
[BlackElo "2440"]

1.e4 g6 2.d4 Bg7 3.Nc3 c6 4.Nf3 d6 5.h3 Nf6 6.a4 O-O 7.Be3 a5 8.Be2 Na6 9.O-O Nb4
10.Nd2 d5 11.e5 Ne8 12.Na2 Nxa2 13.Rxa2 f6 14.Nf3 Bf5 15.c3 Nc7 16.b4 axb4
17.cxb4 Qd7 18.Qb3  1/2-1/2

[Event "Olympiad"]
[Site "Bled SLO"]
[Date "2002.11.10"]
[Round "14"]
[White "Mehmeti,D"]
[Black "Gallego,R"]
[Result "0-1"]
[WhiteElo "2302"]
[BlackElo "2269"]

1.d4 g6 2.e4 Bg7 3.Nc3 c6 4.Be3 d5 5.Qd2 dxe4 6.Nxe4 Nd7 7.O-O-O Ngf6 8.f3 O-O
9.h4 Nxe4 10.fxe4 Nf6 11.Bd3 Ng4 12.Nf3 Nxe3 13.Qxe3 Bg4 14.e5 c5 15.dxc5 Qc7
16.h5 Rac8 17.hxg6 hxg6 18.e6 f5 19.Nh4 Qxc5 20.Qxc5 Rxc5 21.Rde1 Bh6+ 22.Kb1 Kg7
23.Nf3 Bf4 24.c4 a5 25.Kc2 Rd8 26.b3 Rc6 27.Ne5 Rcd6 28.Nd7 Bg3 29.c5 R6xd7
30.exd7 Bxe1 31.Rxe1 Rxd7 32.Re6 Rc7 33.Bc4 f4 34.Rb6 Bf5+ 35.Kc3 Be4 36.Bd3 Bc6
37.a3 e5 38.b4 axb4+ 39.axb4 e4 40.Bc2 f3 41.gxf3 exf3 42.b5 f2 43.Bd3 Be4
44.Bf1 Bf3 45.Kd4 Re7 46.c6 bxc6 47.bxc6 Re1 48.c7 Bg4 49.Bd3 f1=Q 50.Bxf1 Rxf1
51.Rc6 Rf8 52.Rb6 Re8 53.Rb8 Bc8 54.Rb5 Kf6 55.Rb6+ Be6 56.Kc5 g5 57.Kd4 g4
58.Ke3 Ke7 59.Kf4 Kd7 60.Rb8 Rc8 61.Ke5 Rxc7 62.Rh8 Rc5+ 63.Kf4 Ke7 64.Rh7+ Kf6
65.Rh6+ Kf7 66.Kg3 Bf5 67.Kf4 Bc8 68.Rh8 Rc4+ 69.Kg3 Rc3+ 70.Kf4 Rc4+ 71.Kg3 Be6
72.Rh6 Rc3+ 73.Kf4 Rf3+ 74.Kg5 g3 75.Rh7+ Kf8 76.Rh1 g2 77.Rg1 Rf2 78.Kh4 Bd5  0-1

[Event "15th Obrenovac Open"]
[Site "Belgrade YUG"]
[Date "2002.11.22"]
[Round "5"]
[White "Predojevic,B"]
[Black "Svetushkin,D"]
[Result "1-0"]
[WhiteElo "2437"]
[BlackElo "2505"]

1.e4 g6 2.d4 Bg7 3.Nc3 c6 4.Nf3 d6 5.Be3 Qb6 6.Rb1 Qc7 7.h3 Nd7 8.Qd2 b5
9.Bd3 Ngf6 10.O-O O-O 11.Ne2 c5 12.c3 Bb7 13.Ng3 d5 14.e5 Ne4 15.Qe2 b4 16.cxb4 cxb4
17.Rfc1 Qb6 18.Bb5 Rfd8 19.Nxe4 dxe4 20.Nd2 Bd5 21.Bc4 e6 22.Rc2 Rac8 23.Rbc1 Rc7
24.b3 Rdc8 25.Qg4 Qb7 26.Bxd5 Rxc2 27.Bxb7 Rxc1+ 28.Nf1  1-0

[Event "TCh-BEL 2002-3"]
[Site "Belgium BEL"]
[Date "2002.11.24"]
[Round "3"]
[White "Ahn,M"]
[Black "Van Mil,J"]
[Result "0-1"]
[WhiteElo "2319"]
[BlackElo "2406"]

1.e4 g6 2.d4 Bg7 3.Nc3 c6 4.Bc4 d6 5.Qf3 e6 6.Nge2 Nd7 7.O-O Qe7 8.Bb3 e5
9.Be3 Ngf6 10.Rad1 O-O 11.h3 Re8 12.Rfe1 Nf8 13.dxe5 dxe5 14.Na4 b6 15.Rd2 Ba6
16.Red1 Rad8 17.Nac3 Rxd2 18.Rxd2 Ne6 19.a4 Bc8 20.Ng3 Nd7 21.Nge2 Bf8 22.Ng3 Qh4
23.Bc4 Nf6 24.Qd1 Be7 25.Qf3 Ng5 26.Bxg5 Qxg5 27.Rd1 h5 28.Kh2 h4 29.Nf1 Bc5
30.Rd3 Kg7 31.Nd1 Qf4+ 32.Qxf4 exf4 33.f3 Nd7 34.Ba2 Ne5 35.Rd2 Ba6 36.c4 Nxc4
37.Rd7 Ne5 38.Rxa7 Bxf1 39.Nc3 Rd8 40.b4 Bxb4 41.Nb1 Bc4  0-1